Veinticinco años de evolución de la justicia constitucional, 1940-1965.
Saved in:
| Main Author: | |
|---|---|
| Format: | Book |
| Language: | Spanish |
| Published: |
México,
UNAM, Instituto de Investigaciones Jurídicas,
1968.
|
| Edition: | [1. ed.] |
| Series: | Publicaciones del Institutio de Investigaciones Jurídicas. Serie F: Publicaciones del XXV aniversario, no. 3-A
|
| Subjects: | |
| Tags: |
Add Tag
No Tags, Be the first to tag this record!
|
| LEADER | 00916nam a2200241I 4500 | ||
|---|---|---|---|
| 001 | 005354835-3 | ||
| 005 | 20020606095253.2 | ||
| 008 | 740829s1968 xx 000 0 spa u | ||
| 010 | |a 77002243 | ||
| 035 | 0 | |a ocm00993291 | |
| 040 | |c OUN |d HVL | ||
| 090 | |a JF71 |b .F588 | ||
| 100 | 2 | |a Fix-Zamudio, Héctor. | |
| 245 | 1 | 0 | |a Veinticinco años de evolución de la justicia constitucional, 1940-1965. |
| 250 | |a [1. ed.] | ||
| 260 | |a México, |b UNAM, Instituto de Investigaciones Jurídicas, |c 1968. | ||
| 300 | |a 183 p. |c 24 cm. | ||
| 490 | 1 | |a Publicaciones del Institutio de Investigaciones Jurídicas. Serie F: Publicaciones del XXV aniversario, no. 3-A | |
| 504 | |a Bibliographical footnotes. | ||
| 650 | 0 | |a Constitutional history. | |
| 810 | 2 | |a Universidad Nacional Autónoma de México. |b Instituto de Investigaciones Jurídicas. |t Serie F: Publicaciones del XXV aniversario, |v no. 3-A | |
| 988 | |a 20020608 | ||
| 906 | |0 MH | ||


